000 01833cam a2200313 a 4500
001 16781736
003 OSt
005 20180117085951.0
008 110516s2011 enka b 001 0 eng
010 _a 2011019425
020 _a9780273737285 (pbk.)
040 _aDLC
_cDLC
_dDLC
042 _apcc
050 0 0 _aBF81
_b.H796 2011
082 0 0 _a150
_223
100 1 _aHughes, Brian M.
245 1 0 _aConceptual and historical issues in psychology /
_cBrian M. Hughes.
260 _aHarlow, England ;
_aNew York :
_bPearson,
_c2011.
300 _axv, 205 p. :
_bill. ;
_c24 cm.
490 0 _aPsychology express
504 _aIncludes bibliographical references and index.
505 0 _aExplaining people : theoretical psychology throughout the ages -- Ways of knowing : the scientific method and its alternatives -- From philosophy to laboratory : the arrival of empirical psychology -- The evolution of measurement : from physiognomy to psychometrics -- The behaviourist revolution : actions as data -- The cognitive revolution : the metaphor of computation -- Neuroscience and genetics : 21st century reductionism? -- Can psychology be scientific? -- Subjectivist approaches to psychology -- The problem of consciousness -- Science since the 20th century : postpositivism and postmodernism -- Relativism, constructivism and their implications for psychology -- The future of psychology -- And finally, before the exam--.
650 0 _aPsychology
_xHistory.
650 0 _aPsychology
_xPhilosophy.
906 _a7
_bcbc
_corignew
_d1
_eecip
_f20
_gy-gencatlg
942 _2ddc
_cBK
999 _c2850
_d2850